=LDR 00000nam 2200000 4500 =001 INLIS000000000002677 =005 20200709094501 =035 ##$$a 0010-061300000002677 =007 ta =008 200709################g##########0#ind## =020 ##$$a 979-95843-0-2 =082 ##$$a 2X6.2 =084 ##$$a 2X6.2 MUS k =100 ##$$a Musa, Ali Maskhan =245 1#$$a Kiai dan politik dalam wacana civil sociaty, Ali Maskhan Moesa /$c Ali Maskhan Moesa, M.Si; penyunting, Muhammada Zakki =250 ##$$a cet.1 =260 ##$$a Surabaya :$b Adicita Karya Nusa,$c 1999 =300 ##$$a xiv,210 hlm, ; $c 14x21 cm =650 #4$$a Islam dan Politik =990 ##$$a DW00009216 =990 ##$$a DW00009217 =990 ##$$a DW20009218 =990 ##$$a 00054336